000 00272nam a22001217a 4500
082 _a910
100 _aOxford
245 _aOxford Student Atlas For India
250 _a4th Edition
260 _aDelhi
_bOxford University Press
_c2023
650 _aGeography
942 _cBK
999 _c66215
_d66215